| 000 | 00739nam a2200205Ia 4500 | ||
|---|---|---|---|
| 003 | GCL | ||
| 008 | 140319s9999 xx 000 0 ara d | ||
| 040 |
_aGCL / _cGCL |
||
| 082 | 0 | 4 |
_aق _b355.6 _bو س |
| 100 | 1 | _aوزارة الدفاع: الامانة العامة | |
| 245 | 1 | 0 |
_aالسجل التاريخى لوزارة الدفاع / _cوزارة الدفاع: الامانة العامة |
| 260 |
_a[S.N] : _bدار الكتب المصرية ، _c1982 |
||
| 300 |
_a820 ص ؛ _c30سم |
||
| 650 | 0 | 4 | _aمصر |
| 650 | 0 | 4 | _aقوات الدفاع الشعبى والعسكرى |
| 650 | 0 | 4 | _aمصر - الاحوال السياسية |
| 650 | 0 | 4 | _aالوزارات - مصر |
| 650 | 0 | 4 | _aوزارة الدفاع |
| 942 |
_2ddc _cBK |
||
| 999 |
_c58600 _d58600 |
||